[Event "Thessaloniki ol (Men)"]
[Site "Thessaloniki"]
[Date "1988.??.??"]
[Round "4"]
[White "Campora, Daniel H"]
[Black "Valkesalmi, Kimmo"]
[Result "1-0"]
[WhiteElo "2540"]
[BlackElo "2430"]

1.e4 e5 2.Nf3 Nc6 3.Bb5 a6 4.Ba4 Nf6 5.O-O Be7 6.Re1 b5 7.Bb3 d6 8.c3 O-O
9.h3 Nb8 10.d4 Nbd7 11.Nbd2 Bb7 12.Bc2 c5 13.b3 Re8 14.d5 Nb6 15.a4 Qc7 16.c4 b4
17.Nf1 g6 18.g4 Bf8 19.Ng3 Bg7 20.Be3 Kh8 21.Qd2 Ng8 22.Kh2 Rf8 23.Rg1 f6
24.Rg2 Rae8 25.Rag1 Bc8 26.Nh4 Rf7 27.Ne2 Nd7 28.Rh1 Qd8 29.Nf3 Qe7 30.Kg1 Qf8
31.h4 h6 32.Ng3 Nb8 33.Bd1 Ne7 34.g5 h5 35.Nxh5 gxh5 36.g6 Nxg6 37.Rxg6 Kh7
38.Rg3 Bh6 39.Bxh6 Qxh6 40.Ng5+ fxg5 41.hxg5  1-0

[Event "Thessaloniki ol (Men)"]
[Site "Thessaloniki"]
[Date "1988.??.??"]
[Round "8"]
[White "Liao, Yuan Eu"]
[Black "Valkesalmi, Kimmo"]
[Result "1/2-1/2"]
[WhiteElo "2405"]
[BlackElo "2430"]

1.e4 e5 2.Nf3 Nc6 3.Bb5 a6 4.Ba4 Nf6 5.O-O Be7 6.Re1 b5 7.Bb3 d6 8.c3 O-O
9.h3 Nb8 10.d4 Nbd7 11.Nbd2 Bb7 12.Bc2 Re8 13.Nf1 Bf8 14.Bg5 h6 15.Bh4 c5
16.dxe5 dxe5 17.N3h2 Qc7 18.Qf3 Bc6 19.Ne3 Qb7 20.Nf5 Re6 21.Ng4 Nxg4 22.hxg4 c4
23.b4 a5 24.a3 Nb6 25.Qe3 Nc8 26.Bd8 axb4 27.axb4 Nd6 28.Ba5 Be7 29.Nxe7+ Rxe7
30.Rad1 Re6 31.Rd2 Qe7 32.Red1 Nb7 33.Bb6 Qh4 34.f3  1/2-1/2

[Event "Thessaloniki ol (Men)"]
[Site "Thessaloniki"]
[Date "1988.??.??"]
[Round "8"]
[White "Sax, Gyula"]
[Black "Van der Sterren, Paul"]
[Result "1/2-1/2"]
[WhiteElo "2600"]
[BlackElo "2475"]

1.e4 e5 2.Nf3 Nc6 3.Bb5 a6 4.Ba4 Nf6 5.O-O Be7 6.Re1 b5 7.Bb3 d6 8.c3 O-O
9.h3 Nb8 10.d4 Nbd7 11.Nbd2 Bb7 12.Bc2 Re8 13.a4 c5 14.b3 cxd4 15.cxd4 exd4
16.axb5 axb5 17.Rxa8 Bxa8 18.Nxd4 Qb6 19.Nf5 Bf8 20.Bb2 g6 21.Bd4 Qb8 22.Ng3 d5
23.exd5  1/2-1/2

[Event "Thessaloniki ol (Men)"]
[Site "Thessaloniki"]
[Date "1988.??.??"]
[Round "9"]
[White "Wong Meng Kong"]
[Black "Gonzalez Mata, Jesus"]
[Result "1-0"]
[WhiteElo "2305"]
[BlackElo "2345"]

1.e4 e5 2.Nf3 Nc6 3.Bb5 a6 4.Ba4 Nf6 5.O-O Be7 6.Re1 b5 7.Bb3 O-O 8.c3 d6
9.h3 Nb8 10.d4 Nbd7 11.Nbd2 Bb7 12.Bc2 Re8 13.Nf1 Bf8 14.Ng3 g6 15.a4 Bg7
16.Bd3 c6 17.Bf1 Qc7 18.Bd2 Nf8 19.dxe5 dxe5 20.c4 bxa4 21.Qxa4 c5 22.Qa5 Qe7
23.Bc3 N6d7 24.Qc7 Rab8 25.Red1 Bc8 26.Qd6 Ne6 27.Qxe7 Rxe7 28.Ne1 Nd4 29.Nd3 Re8
30.Ra5 Bf8 31.Be2 h5 32.Re1 Bd6 33.Bd1 Nc6 34.Ra1 Nb6 35.b3 Nd7 36.Nf1 Nd4
37.Rb1 Bb7 38.f3 Be7 39.Ne3 Bd6 40.h4 Be7 41.g3 Bd6 42.Kg2 f5 43.Nf2 Nf6
44.Nd5 Kf7 45.Ra1 Kg7 46.Nd3 Nxd5 47.cxd5 Bc8 48.Nb2 fxe4 49.fxe4 Nxb3 50.Nc4 Bc7
51.d6 Nxa1 52.Ba4 Nc2 53.Bxc2 Bd8 54.Ba4 Re6 55.d7 Bb7 56.Bxe5+ Rxe5 57.Nxe5 Bc7
58.Nf3 Kf6 59.Ng5 Ke7 60.Rf1 Be5 61.Rf7+ Kd6 62.d8=Q+  1-0

[Event "Thessaloniki ol (Men)"]
[Site "Thessaloniki"]
[Date "1988.??.??"]
[Round "10"]
[White "Klinger, Josef"]
[Black "Milos, Gilberto"]
[Result "1/2-1/2"]
[WhiteElo "2475"]
[BlackElo "2530"]

1.e4 e5 2.Nf3 Nc6 3.Bb5 a6 4.Ba4 Nf6 5.O-O Be7 6.Re1 b5 7.Bb3 O-O 8.c3 d6
9.h3 Nb8 10.d4 Nbd7 11.Nbd2 Bb7 12.Bc2 Re8 13.Nf1 Bf8 14.Ng3 g6 15.d5 c6
16.dxc6  1/2-1/2

[Event "Thessaloniki ol (Men)"]
[Site "Thessaloniki"]
[Date "1988.??.??"]
[Round "12"]
[White "Liao, Yuan Eu"]
[Black "Smejkal, Jan"]
[Result "0-1"]
[WhiteElo "2405"]
[BlackElo "2515"]

1.e4 e5 2.Nf3 Nc6 3.Bb5 a6 4.Ba4 Nf6 5.O-O Be7 6.Re1 b5 7.Bb3 d6 8.c3 O-O
9.h3 Nb8 10.d4 Nbd7 11.Nbd2 Bb7 12.Bc2 Re8 13.Nf1 Bf8 14.Ng3 g6 15.Bg5 h6
16.Bd2 Bg7 17.Qc1 Kh7 18.h4 Nf8 19.h5 Ng4 20.Qd1 Ne6 21.hxg6+ fxg6 22.d5 Nf4
23.Bxf4 exf4 24.Ne2 Qf6 25.Qd2 Rf8 26.Ned4 Bc8 27.a4 Bd7 28.axb5 axb5 29.Bd3 b4
30.cxb4 Ne5 31.Rxa8 Rxa8 32.Rc1 Ra7 33.Nxe5 Qxe5 34.Nf3 Qf6 35.Re1 Qxb2 36.Qxb2 Bxb2
37.e5 Kg7 38.e6 Be8 39.Rb1 Ra1 40.Rxa1 Bxa1 41.b5 g5 42.Nd2 Kf6 43.Nb3 Bc3
44.f3 Ke5 45.Bc4 h5 46.Kf2 g4 47.Kf1 g3 48.Ke2 h4 49.Kf1 Bg6 50.Nc1 Bd2 51.Nd3+ Kf6
52.Ke2 Be3 53.Kf1 Bf5 54.Ne1 Bg6 55.Bd3 Be8 56.Nc2 Bc5 57.Be2 Ke5 58.Bc4 Bg6
59.Ne1 Kf6 60.Nd3 Be3 61.Ne1 Bd2 62.Ke2 Bxe1 63.Kxe1 Be8 64.Kf1 Ke5 65.Kg1 Kd4
66.Ba2 Bxb5 67.Bb3 Ke5 68.Ba2 Kf6 69.Bb3 c6  0-1

[Event "Euwe mem"]
[Site "Amsterdam"]
[Date "1989.??.??"]
[Round "2"]
[White "Short, Nigel D"]
[Black "Hjartarson, Johann"]
[Result "1-0"]
[WhiteElo "2650"]
[BlackElo "2615"]

1.e4 e5 2.Nf3 Nc6 3.Bb5 a6 4.Ba4 Nf6 5.O-O Be7 6.Re1 b5 7.Bb3 d6 8.c3 O-O
9.h3 Nb8 10.d4 Nbd7 11.Nbd2 Bb7 12.Bc2 Re8 13.a4 Bf8 14.Bd3 exd4 15.cxd4 c5
16.axb5 axb5 17.Rxa8 Bxa8 18.d5 c4 19.Bb1 Nc5 20.b4 cxb3 21.Bb2 Bb7 22.Re3 g6
23.Nxb3 Na4 24.Ba1 Bg7 25.Bd3 Ba6 26.Bd4 Nd7 27.Bxg7 Kxg7 28.Nfd4 Ne5 29.Bxb5 Bxb5
30.Nxb5 Qb6 31.N3d4 Nc5 32.Qe2 Ned7 33.Kh2 Nf6 34.f3 h5 35.Qf2 Ncd7 36.Qg3 Nxd5
37.Rb3 Nc5 38.Nxd6 Nxb3 39.Nxe8+ Kf8 40.Nxb3 Qxb3 41.exd5 Kxe8 42.Qe5+ Kd7
43.Kg3 Qa2 44.Qd4 Qa5 45.Kf4 Qc7+ 46.Kg5 Qg3+ 47.Kf6 Kd6 48.f4  1-0

[Event "ARG-ch"]
[Site "?"]
[Date "1989.??.??"]
[Round "2"]
[White "Campora, Daniel H"]
[Black "Bronstein, Luis"]
[Result "1/2-1/2"]
[WhiteElo "2500"]
[BlackElo "2395"]

1.e4 e5 2.Nf3 Nc6 3.Bb5 a6 4.Ba4 Nf6 5.O-O Be7 6.Re1 b5 7.Bb3 d6 8.c3 O-O
9.h3 Nb8 10.d4 Nbd7 11.Nbd2 Bb7 12.Bc2 Re8 13.Nf1 Bf8 14.Ng3 g6 15.a4 c5
16.d5 c4 17.Bg5 h6 18.Be3 Nc5 19.Qc1 h5  1/2-1/2

[Event "ARG-ch"]
[Site "?"]
[Date "1989.??.??"]
[Round "7"]
[White "Campora, Daniel H"]
[Black "Servat, Roberto"]
[Result "1/2-1/2"]
[WhiteElo "2500"]
[BlackElo "2445"]

1.e4 e5 2.Nf3 Nc6 3.Bb5 a6 4.Ba4 Nf6 5.O-O Be7 6.Re1 b5 7.Bb3 d6 8.c3 O-O
9.h3 Nb8 10.d4 Nbd7 11.Nbd2 Bb7 12.Bc2 Re8 13.Nf1 Bf8 14.Ng3 g6 15.a4 c5
16.d5 c4 17.Bg5 h6 18.Be3 Nc5 19.Qd2 h5 20.Bg5 Be7 21.Bh6 Nh7 22.Ra3 Rb8
23.Be3 Bf6 24.Rea1 Bc8 25.axb5 axb5 26.Ne2 Bd7 27.Nc1 Qc7 28.Na2 Ra8 29.Nb4 Qb7
30.Qc1 Rxa3 31.Rxa3 Bd8 32.Kh2 Bb6 33.Nd2 Ra8 34.Rxa8+ Qxa8 35.Qe1 Qd8 36.Kg1 Nb7
37.b3 cxb3 38.Nxb3 Bxe3 39.Qxe3 Na5 40.Qa7 Nxb3 41.Bxb3 Qg5 42.Qxd7 Qc1+
43.Kh2 Qf4+ 44.Kg1 Qc1+  1/2-1/2

[Event "Bad Woerishofen op"]
[Site "Bad Woerishofen"]
[Date "1989.??.??"]
[Round "?"]
[White "Lau, Ralf"]
[Black "Wells, Peter K"]
[Result "1-0"]
[WhiteElo "2475"]
[BlackElo "2410"]

1.e4 e5 2.Nf3 Nc6 3.Bb5 a6 4.Ba4 Nf6 5.O-O Be7 6.Re1 b5 7.Bb3 d6 8.c3 O-O
9.h3 Nb8 10.d4 Nbd7 11.Nbd2 Bb7 12.Bc2 Re8 13.Nf1 Bf8 14.Ng3 g6 15.a4 c5
16.d5 c4 17.Kh1 Nc5 18.Be3 Rb8 19.Nd2 h5 20.Ngf1 h4 21.Nh2 Bc8 22.axb5 axb5
23.Qf3 Be7 24.Ra7 Rb7 25.Ra8 Kg7 26.Rea1 Qc7 27.Qd1 Bd7 28.Rxe8 Bxe8 29.f4 exf4
30.Bxf4 Ra7 31.Rb1 Ncd7 32.Ndf3 Ne5 33.Be3 Nh5 34.Ng4 Nxg4 35.hxg4 Ng3+ 36.Kh2 Ra8
37.g5 Bd7 38.Nxh4 Nh5 39.g4 Rh8 40.Bd4+ f6 41.gxh5 Rxh5 42.gxf6+  1-0

[Event "Perenyi mem"]
[Site "Budapest"]
[Date "1989.??.??"]
[Round "?"]
[White "King, Daniel J"]
[Black "Karolyi, Tibor Jr"]
[Result "1/2-1/2"]
[WhiteElo "2500"]
[BlackElo "2440"]

1.e4 e5 2.Nf3 Nc6 3.Bb5 a6 4.Ba4 Nf6 5.O-O Be7 6.Re1 b5 7.Bb3 d6 8.c3 O-O
9.h3 Nb8 10.d4 Nbd7 11.Nbd2 Bb7 12.Bc2 c5 13.d5 g6 14.Nf1 Nh5 15.Bh6 Re8
16.Qd2 Bf6 17.b3 Nb6 18.a4 bxa4 19.bxa4 a5 20.Ne3 Ba6 21.Bd3 c4 22.Bf1 Rb8
23.Ng4 Be7 24.Be3 Nd7 25.Nh6+ Kg7 26.Ng5 Bxg5 27.Bxg5 Qc7 28.g4 Nhf6 29.Qe3  1/2-1/2

[Event "Cannes op"]
[Site "Cannes"]
[Date "1989.??.??"]
[Round "?"]
[White "Donchev, Dimitar I"]
[Black "Dorfman, Josif D"]
[Result "1/2-1/2"]
[WhiteElo "2505"]
[BlackElo "2565"]

1.e4 e5 2.Nf3 Nc6 3.Bb5 a6 4.Ba4 Nf6 5.O-O Be7 6.Re1 b5 7.Bb3 d6 8.c3 O-O
9.h3 Nb8 10.d4 Nbd7 11.Nbd2 Bb7 12.Bc2 Re8 13.Nf1 Bf8 14.Ng3 g6 15.a4 c5
16.d5 c4 17.Bg5 h6 18.Be3 Nc5 19.Qe2 Nfd7 20.Ra3 Nb6 21.axb5 axb5 22.Rea1 Rxa3
23.Rxa3 Nba4 24.Ra2 Bc8 25.Nd2 Bd7 26.Qf1 h5 27.Ne2 Qc7 28.Qb1 Kh7 29.b4 cxb3
30.Nxb3 Nxb3 31.Qxb3 Rc8 32.Ra3 Bh6 33.Bxh6 Kxh6 34.Qb4 Qc5 35.Qxc5 Rxc5
36.Rb3 f5 37.f3 Kg5 38.Kf2 Kf6 39.Ke3  1/2-1/2

[Event "Copenhagen Obro op"]
[Site "Copenhagen"]
[Date "1989.??.??"]
[Round "1"]
[White "Nizynski, Maciej"]
[Black "Stoinev, Metodi"]
[Result "1-0"]
[WhiteElo "2270"]
[BlackElo "2380"]

1.e4 e5 2.Nf3 Nc6 3.Bb5 a6 4.Ba4 Nf6 5.O-O Be7 6.Re1 b5 7.Bb3 d6 8.c3 O-O
9.h3 Nb8 10.d4 Nbd7 11.Nbd2 Bb7 12.Bc2 Re8 13.Nf1 Bf8 14.Ng3 g6 15.a4 Bg7
16.d5 Nb6 17.a5 Nbd7 18.Be3 h6 19.c4 bxc4 20.Ba4 Rf8 21.Qc2 Nxd5 22.exd5 Bxd5
23.Qd2 Bxf3 24.gxf3 Kh7 25.Bc6 Rb8 26.Ba7 Rb3 27.Qc2 f5 28.Qxc4 Rxb2 29.Rab1 Rxb1
30.Rxb1 e4 31.f4 g5 32.Nxf5 gxf4 33.Bxe4 Kh8 34.Nxg7 f3 35.Nf5 c5 36.Kh2 Qg5
37.Ng3 h5 38.Qc3+ Ne5 39.Rb8 Rxb8 40.Bxb8 Qg7 41.Kh1 Qf8 42.Qd2 Qxb8 43.Qh6+  1-0

[Event "Edinburgh op"]
[Site "Edinburgh"]
[Date "1989.??.??"]
[Round "?"]
[White "Condie, Mark L"]
[Black "Martin del Campo, Roberto"]
[Result "1/2-1/2"]
[WhiteElo "2450"]
[BlackElo "2455"]

1.e4 e5 2.Nf3 Nc6 3.Bb5 a6 4.Ba4 Nf6 5.O-O Be7 6.Re1 b5 7.Bb3 O-O 8.h3 d6
9.c3 Nb8 10.d4 Nbd7 11.Nbd2 Bb7 12.Bc2 Re8 13.Nf1 Bf8 14.Ng3 g6 15.Nh2 c5  1/2-1/2

[Event "Edinburgh op"]
[Site "Edinburgh"]
[Date "1989.??.??"]
[Round "?"]
[White "Riemersma, Liafbern"]
[Black "Condie, Mark L"]
[Result "1/2-1/2"]
[WhiteElo "2380"]
[BlackElo "2450"]

1.e4 e5 2.Nf3 Nc6 3.Bb5 a6 4.Ba4 Nf6 5.O-O Be7 6.Re1 b5 7.Bb3 d6 8.c3 O-O
9.h3 Nb8 10.d4 Nbd7 11.Nbd2 Bb7 12.Bc2 Re8 13.a4 Bf8 14.b4 Nb6 15.a5 Nbd7
16.Bb2 Rb8 17.Rb1 Ba8 18.Ba1 h6 19.Re3 Nh7 20.c4 Ng5 21.Nxg5 Qxg5 22.Bb3 c5
23.Nf3 Qe7 24.bxc5 exd4 25.Nxd4 Nxc5 26.cxb5 Nxe4 27.Nc6 Qh4 28.g3 Qxh3 29.Bd5 Bxc6
30.Bxc6 Nxf2 31.Kxf2 Qh2+ 32.Kf3 Qh5+ 33.Kf2 Qh2+ 34.Kf3 Qh5+ 35.Kg2 Qxd1
36.Rxd1 Rxe3 37.bxa6 Ra3 38.a7 Rd8 39.a8=Q Rxa8 40.Bxa8 Rxa5 41.Bd5 g6 42.Bc3 Rb5
43.Rd3  1/2-1/2

[Event "Espoo op"]
[Site "Espoo"]
[Date "1989.??.??"]
[Round "5"]
[White "Raaste, Eero J"]
[Black "Valkesalmi, Kimmo"]
[Result "1/2-1/2"]
[WhiteElo "2395"]
[BlackElo "2410"]

1.e4 e5 2.Nf3 Nc6 3.Bb5 a6 4.Ba4 Nf6 5.O-O Be7 6.Re1 b5 7.Bb3 d6 8.c3 O-O
9.h3 Nb8 10.d4 Nbd7 11.Nbd2 Bb7 12.Bc2 Re8 13.Nf1 Bf8 14.Ng3 g6 15.a4 c5
16.d5 c4 17.Bg5 h6 18.Be3 Nc5 19.Qd2 h5 20.Bg5 Be7 21.Bh6 Bf8 22.Bxf8 Rxf8
23.Qh6 Nh7 24.h4 Qf6 25.Ng5 Qg7 26.Qxh7+ Qxh7 27.Nxh7 Kxh7 28.Ra3 Kg7 29.Rea1 Kf6
30.Nf1 Ke7 31.Ne3 Kd7 32.Kf1 Kc7 33.axb5 axb5 34.Rxa8 Bxa8 35.Ke2 Bb7 36.f3 Rh8
37.Kd2 Kb6 38.Rh1 Bc8 39.Rb1 Bd7 40.Rh1  1/2-1/2

[Event "Helsinki"]
[Site "Helsinki"]
[Date "1989.??.??"]
[Round "1"]
[White "Ristoja, Thomas W"]
[Black "Valkesalmi, Kimmo"]
[Result "1/2-1/2"]
[WhiteElo "2275"]
[BlackElo "2410"]

1.e4 e5 2.Nf3 Nc6 3.Bb5 a6 4.Ba4 Nf6 5.O-O Be7 6.Re1 b5 7.Bb3 d6 8.c3 O-O
9.h3 Nb8 10.d4 Nbd7 11.Nbd2 Bb7 12.Bc2 c5 13.a4 Re8 14.b3 g6 15.d5 Nh5 16.c4 bxa4
17.bxa4 a5 18.Nf1 Nb8 19.g3 Bc8 20.Kh2 Na6 21.Ne3 Nb4 22.Bb1 Nf6 23.Ng1 Bf8
24.Nc2 Nd7 25.Na3 Nb6 26.Qb3 Bg7 27.Nb5 Rf8 28.Ra3 f5 29.f4 fxe4 30.Bxe4 Ba6
31.Nf3 Bxb5 32.cxb5 c4 33.Qd1 Nd7 34.fxe5 Nxe5 35.Nxe5 Bxe5 36.Rf3 Qe7 37.Bh6 Rxf3
38.Qxf3 Qh4 39.Bd2 Rf8 40.Qg2 Qf6 41.Be3 Bd4 42.Bh6 Re8 43.Rf1 Qe7 44.Qf3 Bg7
45.Bxg7 Kxg7 46.h4 Kg8 47.b6 c3 48.Rf2 Qxe4 49.Qf7+ Kh8 50.Qf6+  1/2-1/2

[Event "Marianske Lazne op"]
[Site "Marianske Lazne"]
[Date "1989.??.??"]
[Round "7"]
[White "Kaminski, Uwe"]
[Black "Brdicko, Petr"]
[Result "1-0"]
[WhiteElo "2345"]
[BlackElo "2270"]

1.e4 e5 2.Nf3 Nc6 3.Bb5 a6 4.Ba4 Nf6 5.O-O Be7 6.Re1 b5 7.Bb3 d6 8.c3 O-O
9.h3 Nb8 10.d4 Nbd7 11.Nbd2 Bb7 12.Bc2 Re8 13.b3 Bf8 14.Bb2 g6 15.a4 c6 16.Qb1 Qc7
17.c4 Bg7 18.d5 bxc4 19.bxc4 c5 20.a5 Nh5 21.Bc3 Reb8 22.Bb3 Bc8 23.Qc2 Nf8
24.Ba4 Bd7 25.Bxd7 Qxd7 26.Rab1 Bf6 27.Kh2 Bd8 28.Ng1 Qc8 29.Ne2 Rxb1 30.Rxb1 Rb8
31.Rf1 Qd7 32.g3 Ng7 33.f4 f6 34.Nc1 Rb7 35.Nd3 Bc7 36.Nf3 Qd8 37.fxe5 fxe5
38.Qf2 Qe8 39.Nfxe5 Rb3 40.Nf7 h5 41.Bxg7 Rxd3 42.Bxf8 Qxf8 43.Nh6+  1-0

[Event "URS-sf Moscow-ch"]
[Site "Moscow"]
[Date "1989.??.??"]
[Round "?"]
[White "Timoshenko, Georgy"]
[Black "Arbakov, Valentin"]
[Result "0-1"]
[WhiteElo "2535"]
[BlackElo "2405"]

1.e4 e5 2.Nf3 Nc6 3.Bb5 a6 4.Ba4 Nf6 5.O-O Be7 6.Re1 b5 7.Bb3 O-O 8.c3 d6
9.h3 Nb8 10.d4 Nbd7 11.Nbd2 Bb7 12.a4 c5 13.d5 Nb6 14.Bc2 Bc8 15.a5 Nbd7
16.b4 g6 17.Nf1 Nh5 18.Kh2 Bf6 19.Be3 Bg7 20.Qd2 Ra7 21.Rac1 Rc7 22.Bb1 c4
23.g4 Nf4 24.Bxf4 exf4 25.Qxf4 Ne5 26.Kg2 Nxf3 27.Qxf3 Be5 28.Ng3 Qg5 29.Rcd1 Re7
30.Rg1 Kh8 31.Kf1 h5 32.Ne2 hxg4 33.hxg4 Kg7 34.Nd4 Rh8 35.Nf5+ Bxf5 36.gxf5 Qh5
37.Rg4 Qh1+ 38.Qxh1 Rxh1+ 39.Ke2 Rxd1 40.Kxd1 Bxc3 41.fxg6 fxg6 42.f4 Kf7
43.e5 dxe5 44.d6 Re6 45.Bxg6+ Kf6 46.d7 Rd6+ 47.Kc2 Bxb4 48.Be4 exf4 49.Rg6+ Ke7
50.Rg7+ Kd8 51.Bf5 Rf6 52.Bh3 f3 53.Kd1 Rd6+ 54.Kc2 Bxa5 55.Rf7 Rd2+ 56.Kc1 f2
57.Rf6 Rd3 58.Bg4 Rg3 59.Rf8+ Ke7 60.Re8+ Kd6  0-1

[Event "Pancevo"]
[Site "Pancevo"]
[Date "1989.??.??"]
[Round "5"]
[White "Andrijevic, Milan"]
[Black "Kuzmin, Alexey"]
[Result "1/2-1/2"]
[WhiteElo "2410"]
[BlackElo "2465"]

1.e4 e5 2.Nf3 Nc6 3.Bb5 a6 4.Ba4 Nf6 5.O-O Be7 6.Re1 b5 7.Bb3 d6 8.c3 O-O
9.h3 Re8 10.Ng5 Rf8 11.Nf3 Nb8 12.d4 Nbd7 13.Nbd2 Bb7 14.Bc2 Re8 15.Nf1 Bf8
16.Ng3 g6 17.a4 Bg7 18.d5 Nb6 19.a5 Nbd7 20.b3 Qe7 21.Be3 c6 22.c4 Rec8 23.Nd2 Rc7
24.Bd3 cxd5 25.cxd5 Nc5 26.Bc2 Rac8 27.Ra2 h5 28.Bg5 Qf8 29.Nf3 Nh7 30.Bd2 Bh6
31.b4 Nd7 32.Bd3 Bxd2 33.Qxd2 Qe7 34.Raa1 Ndf8  1/2-1/2

[Event "World op"]
[Site "Philadelphia"]
[Date "1989.??.??"]
[Round "1"]
[White "Brooks, Michael A"]
[Black "Southam, Todd"]
[Result "0-1"]
[WhiteElo "2385"]
[BlackElo "2280"]

1.e4 e5 2.Nf3 Nc6 3.Bb5 a6 4.Ba4 Nf6 5.O-O Be7 6.Re1 b5 7.Bb3 d6 8.c3 O-O
9.h3 Nb8 10.d4 Nbd7 11.Nbd2 Bb7 12.g4 c5 13.d5 h6 14.Nf1 Nh7 15.Ng3 Ng5 16.Kg2 Re8
17.Nf5 Nxf3 18.Qxf3 Nf8 19.h4 Bxh4 20.Rh1 Ng6 21.Be3 Bg5 22.Rh5 Nf4+ 23.Bxf4 Bxf4
24.Rah1 Qf6 25.Kf1 c4 26.Bc2 Bc8 27.g5 Bxg5 28.Rxg5 Qxg5 29.Nxh6+ gxh6 30.Rg1 Kg7
31.Rxg5+ hxg5 32.Qh5 f6 33.Qf3 Rb8 34.Qe3 Rb7 35.b3 Rh8 36.Bd1 Rh3 37.f3 Kg6
38.Be2 Rh1+ 39.Kf2 Rbh7 40.bxc4 R7h2+ 41.Kg3 Bh3  0-1

[Event "Podolsk GMA-qual"]
[Site "Podolsk"]
[Date "1989.??.??"]
[Round "?"]
[White "Timoshenko, Georgy"]
[Black "Giorgadze, Giorgi"]
[Result "1-0"]
[WhiteElo "2535"]
[BlackElo "2470"]

1.e4 e5 2.Nf3 Nc6 3.Bb5 a6 4.Ba4 Nf6 5.O-O Be7 6.Re1 b5 7.Bb3 d6 8.c3 O-O
9.h3 Nb8 10.d4 Nbd7 11.Nbd2 Bb7 12.Bc2 Re8 13.a4 Bf8 14.Bd3 c6 15.Qc2 g6
16.b3 Nh5 17.Bb2 Nf4 18.Bf1 Bg7 19.c4 exd4 20.Bxd4 Bxd4 21.Nxd4 b4 22.g3 Qf6
23.N4f3 Ne6 24.Rad1 c5 25.Bg2 Ne5 26.Nh2 Nd4 27.Qb1 g5 28.Nhf1 Bc8 29.Ne3 Qh6
30.Nf5 Bxf5 31.exf5 Rad8 32.Re3 Qf6 33.g4 Kf8 34.Rde1 Nec6 35.Nf1 Re5 36.Ng3 Qh6
37.Nh5 Rde8 38.Bxc6 Nxc6 39.Rxe5 dxe5 40.Qe4 Qd6 41.f6 Kg8 42.Ng7 Rc8 43.Qf5 Qf8
44.Qxg5 Kh8 45.Nf5 Re8 46.f4 e4 47.Nd6 Rd8 48.Nxe4 Nd4 49.Qh5 Qe8 50.Kf2 Nc2
51.Re2 Nd4 52.Qh6 Qg8 53.Rd2 Ne6 54.f5  1-0

[Event "Reykjavik"]
[Site "Reykjavik"]
[Date "1989.??.??"]
[Round "?"]
[White "Jonsson, Bjorgvin"]
[Black "Balashov, Yuri S"]
[Result "0-1"]
[WhiteElo "2335"]
[BlackElo "2530"]

1.e4 e5 2.Nf3 Nc6 3.Bb5 a6 4.Ba4 Nf6 5.O-O Be7 6.Re1 b5 7.Bb3 d6 8.c3 O-O
9.h3 Nb8 10.d4 Nbd7 11.Nbd2 Bb7 12.Bc2 Re8 13.Nf1 Bf8 14.Ng3 g6 15.a4 c5
16.d5 c4 17.Bg5 h6 18.Be3 Nc5 19.Qd2 h5 20.Rf1 Rb8 21.axb5 axb5 22.Ng5 h4
23.Ne2 Bh6 24.f3 Qe7 25.g3 Nh5 26.gxh4 Ra8 27.Rxa8 Rxa8 28.f4 exf4 29.Bxf4 Rf8
30.Be3 f6 31.Ne6 Bxe3+ 32.Qxe3 Nxe6 33.dxe6 Qxe6 34.Nf4 Nxf4 35.Rxf4 Qe5
36.Rg4 Kh7 37.Qf2 Ra8 38.Rf4 Ra1+ 39.Kg2 Rc1 40.Rg4 f5  0-1

[Event "Santiago zt"]
[Site "Santiago"]
[Date "1989.??.??"]
[Round "1"]
[White "Tempone, Marcelo"]
[Black "Gomez Baillo, Jorge H"]
[Result "1/2-1/2"]
[WhiteElo "2440"]
[BlackElo "2445"]

1.e4 e5 2.Nf3 Nc6 3.Bb5 a6 4.Ba4 Nf6 5.O-O Be7 6.Re1 b5 7.Bb3 d6 8.c3 O-O
9.h3 Nb8 10.d4 Nbd7 11.Nbd2 Bb7 12.Bc2 h6 13.Nf1 Re8 14.Ng3 Bf8 15.a4  1/2-1/2

[Event "Sverdlovsk"]
[Site "Sverdlovsk"]
[Date "1989.??.??"]
[Round "?"]
[White "Tseshkovsky, Vitaly"]
[Black "Bokan, Danko"]
[Result "1/2-1/2"]
[WhiteElo "2520"]
[BlackElo "2250"]

1.e4 e5 2.Nf3 Nc6 3.Bb5 a6 4.Ba4 Nf6 5.O-O Be7 6.Re1 b5 7.Bb3 d6 8.c3 O-O
9.h3 Nb8 10.d4 Nbd7 11.Nbd2 Bb7 12.Bc2 Re8 13.Nf1 Bf8 14.Ng3 g6 15.a4 c5
16.Bd2 Qc7 17.d5 c4 18.Nh2 Nc5 19.Qf3 Be7 20.Bh6 Kh8 21.Ra3 Rab8 22.Rea1 Bc8
23.axb5 axb5 24.Ngf1 Bd7 25.Nd2 Rec8 26.Be3 Kg7 27.Qe2 Qd8 28.Ra7 Rc7 29.f4 exf4
30.Bd4 Rxa7 31.Rxa7 Kg8 32.b4 cxb3 33.Nxb3 Nxb3 34.Bxb3 Ra8 35.Rxa8 Qxa8
36.Nf3 Nh5 37.e5 dxe5 38.Nxe5 Qa1+ 39.Qd1 Qxd1+ 40.Bxd1 Nf6 41.Bf3 Be8 42.Nc6 Bxc6
43.dxc6 Ne8 44.Be5 Bd8 45.Bxf4 Kf8 46.Be2 Bb6+ 47.Kf1 Nc7 48.Bd6+ Ke8 49.Ke1 Ba5
50.Kd2 Kd8 51.Bf3 Ne8 52.Be5 Bc7 53.Bd4 Bd6 54.Be2 Nc7 55.Bf6+ Be7 56.Bd4 Bd6
57.Kd3 Ke7 58.Bb6 Ke6 59.Bd1 Kd5 60.Bf3+ Ke6 61.Bd1 Kd5 62.Bf3+  1/2-1/2

[Event "SWZ-ch int"]
[Site "?"]
[Date "1989.??.??"]
[Round "6"]
[White "Brunner, Lucas"]
[Black "Campora, Daniel H"]
[Result "0-1"]
[WhiteElo "2505"]
[BlackElo "2495"]

1.e4 e5 2.Nf3 Nc6 3.Bb5 a6 4.Ba4 Nf6 5.O-O Be7 6.Re1 b5 7.Bb3 d6 8.c3 O-O
9.h3 Nb8 10.d4 Nbd7 11.Nbd2 Bb7 12.Bc2 Re8 13.Nf1 Bf8 14.Ng3 g6 15.a4 c5
16.d5 c4 17.Bg5 h6 18.Be3 Nc5 19.Qd2 h5 20.Bg5 Be7 21.Bh6 Nh7 22.Ra3 Rb8
23.Rea1 Bc8 24.axb5 axb5 25.Be3 Qc7 26.Ne2 Bf8 27.Ng5 Nxg5 28.Bxg5 Bd7 29.Nc1 Rb7
30.Be3 Reb8 31.Na2 Ra7 32.Nb4 Rba8 33.Na6 Qc8 34.Nxc5 Rxa3 35.Rxa3 Rxa3 36.bxa3 dxc5
37.f4 Bd6 38.Qf2 exf4 39.Bxf4 Qc7 40.Be3 Be5 41.Bxc5 Bxc3 42.d6 Qd8 43.Qf4 Qf6
44.Qe3 Be5 45.Qd2 Kg7 46.Bd1 Qf4 47.Qxf4 Bxf4 48.Be2 Kf6 49.a4 c3 50.Bd3 bxa4
51.Kf2 Ke6 52.Bc4+ Ke5 53.Bd3 Bc1 54.Ke1 a3 55.Bc4 c2 56.Bb3  0-1

[Event "Tarrassa"]
[Site "Tarrassa"]
[Date "1989.??.??"]
[Round "?"]
[White "Gil Gonzales, Jose Manuel"]
[Black "Campos, Jose Felix"]
[Result "1/2-1/2"]
[WhiteElo "2360"]
[BlackElo "2255"]

1.e4 e5 2.Nf3 Nc6 3.Bb5 a6 4.Ba4 Nf6 5.O-O Be7 6.Re1 b5 7.Bb3 d6 8.c3 O-O
9.h3 Nb8 10.d4 Nbd7 11.Nbd2 Bb7 12.a4 c5 13.Bc2 Re8 14.Nf1 Bf8 15.Ng3  1/2-1/2

[Event "Tirnavia"]
[Site "Trnava"]
[Date "1989.??.??"]
[Round "?"]
[White "Balashov, Yuri S"]
[Black "Smejkal, Jan"]
[Result "1/2-1/2"]
[WhiteElo "2530"]
[BlackElo "2515"]

1.e4 e5 2.Nf3 Nc6 3.Bb5 a6 4.Ba4 Nf6 5.O-O Be7 6.Re1 b5 7.Bb3 d6 8.c3 O-O
9.h3 Nb8 10.d4 Nbd7 11.Nbd2 Bb7 12.Bc2 Re8 13.Nf1 Bf8 14.Bg5 h6 15.Bh4 g6
16.dxe5 dxe5 17.N3h2 Bg7 18.Qf3 c5 19.Rad1 Qc7 20.Ne3 c4 21.Nhg4 Nxg4 22.hxg4 Nc5
23.Nd5 Bxd5 24.Rxd5 Ne6 25.Red1 Ra7 26.Qe3 Rb7 27.Qd2 Bf8 28.Bf6 Bg7 29.Bxg7 Kxg7
30.g3 a5 31.Rd7  1/2-1/2

[Event "Tirnavia"]
[Site "Trnava"]
[Date "1989.??.??"]
[Round "?"]
[White "Marjanovic, Slavoljub"]
[Black "Balashov, Yuri S"]
[Result "1/2-1/2"]
[WhiteElo "2490"]
[BlackElo "2530"]

1.e4 e5 2.Nf3 Nc6 3.Bb5 a6 4.Ba4 Nf6 5.O-O Be7 6.Re1 b5 7.Bb3 d6 8.c3 O-O
9.h3 Nb8 10.d4 Nbd7 11.Nbd2 Bb7 12.Bc2 Re8 13.Nf1 Bf8 14.Ng3 g6 15.a4 c5
16.d5 c4 17.Bg5 h6 18.Be3 Nc5 19.Qd2 h5 20.Bg5 Be7 21.Ra3 Rb8 22.axb5 axb5
23.Ra7 Nh7 24.Be3 Qb6 25.Rea1 Ra8 26.Rxa8  1/2-1/2

[Event "Tirnavia"]
[Site "Trnava"]
[Date "1989.??.??"]
[Round "?"]
[White "Mokry, Karel"]
[Black "Smejkal, Jan"]
[Result "0-1"]
[WhiteElo "2500"]
[BlackElo "2515"]

1.e4 e5 2.Nf3 Nc6 3.Bb5 a6 4.Ba4 Nf6 5.O-O Be7 6.Re1 b5 7.Bb3 d6 8.c3 O-O
9.h3 Nb8 10.d4 Nbd7 11.Nbd2 Bb7 12.Bc2 Re8 13.Nf1 Bf8 14.Ng3 g6 15.a4 c5
16.d5 c4 17.Bg5 h6 18.Be3 Nc5 19.Qd2 h5 20.Ng5 Bh6 21.Re2 Qe7 22.Rf1 h4 23.Nh1 Rf8
24.g4 Rae8 25.axb5 axb5 26.Qc1 Nh7 27.Nxh7 Bxe3 28.Qxe3 Kxh7 29.f3 g5 30.Nf2 Ra8
31.Nd1 Qf6 32.Qf2 Ra2 33.Bb1 Ra1 34.Ne3 Rfa8 35.Nf5 Bc8 36.Ree1 Bxf5 37.gxf5 Qh6
38.Kh2 Qh5 39.Rg1 f6 40.Rg4 Rb8 41.f4 exf4 42.e5 fxe5 43.Reg1 Rg8 44.f6+ Rxb1
45.Rxb1 Qg6 46.Rbg1 Qxf6 47.Qg2 Rg6 48.Qe2 e4 49.Ra1 Qe5 50.Kh1 Qxd5 51.Rgg1 Kh6
52.Ra7 Nd3 53.Re7 e3+ 54.Kh2 Ne5  0-1

[Event "Venezia m"]
[Site "Venezia"]
[Date "1989.??.??"]
[Round "3"]
[White "Huebner, Robert"]
[Black "Spassky, Boris V"]
[Result "1/2-1/2"]
[WhiteElo "2600"]
[BlackElo "2580"]

1.e4 e5 2.Nf3 Nc6 3.Bb5 a6 4.Ba4 Nf6 5.O-O Be7 6.Re1 b5 7.Bb3 d6 8.c3 O-O
9.h3 Nb8 10.d4 Nbd7 11.Nbd2 Bb7 12.Bc2 Re8 13.a4 Bf8 14.Bd3 c6 15.Qc2 g6
16.b3 Nh5 17.Bf1 Qb6 18.Bb2 Rac8 19.Rad1 exd4 20.cxd4 d5 21.Qb1 bxa4 22.bxa4 Bb4
23.exd5 cxd5 24.Rxe8+ Rxe8 25.Qa2 Nf4 26.Ba3 Bxa3 27.Qxa3 Qf6 28.a5 Ne2+
29.Bxe2 Rxe2 30.Rb1 Bc6 31.Qd3 Re8 32.Qxa6  1/2-1/2

[Event "Venezia m"]
[Site "Venezia"]
[Date "1989.??.??"]
[Round "5"]
[White "Huebner, Robert"]
[Black "Spassky, Boris V"]
[Result "1/2-1/2"]
[WhiteElo "2600"]
[BlackElo "2580"]

1.e4 e5 2.Nf3 Nc6 3.Bb5 a6 4.Ba4 Nf6 5.O-O Be7 6.Re1 b5 7.Bb3 d6 8.c3 O-O
9.h3 Nb8 10.d4 Nbd7 11.Nbd2 Bb7 12.Bc2 Re8 13.a4 Bf8 14.Bd3 c6 15.Nf1 d5
16.Bg5 dxe4 17.Rxe4 exd4 18.Rxd4 Qc7 19.Bf4 Qb6 20.Bf5 Nc5 21.a5 Qa7 22.Be5 Be7
23.Qc2 Bc8 24.Ne3 Ncd7 25.Bd6 c5 26.Rd2 g6 27.Rad1 Bd8 28.Bxd7 Nxd7 29.b4 Bb7
30.Nd5  1/2-1/2